|
|
|
|
| LEADER |
00000nam0a2200000 4500 |
| 001 |
320826 |
| 005 |
20231102003322.0 |
| 035 |
|
|
|a (RuTPU)RU\TPU\book\346357
|
| 090 |
|
|
|a 320826
|
| 100 |
|
|
|a 20160726d1936 m y0rusy50 ca
|
| 101 |
0 |
|
|a rus
|
| 102 |
|
|
|a RU
|
| 105 |
|
|
|a a j 001zy
|
| 200 |
1 |
|
|a Курс лекций "Прмышленная вентиляция и климатизация в цехах табачных фабрик"
|e [учебное пособие]
|f Н. Г. Гладков
|
| 210 |
|
|
|a Ленинград
|c [Б. и.]
|d 1936
|
| 215 |
|
|
|a 147 с.
|c ил.
|
| 320 |
|
|
|a Библиогр.: с. 147
|
| 606 |
1 |
|
|a Вентиляция промышленная
|x Эксплуатация
|2 stltpush
|3 (RuTPU)RU\TPU\subj\2240
|9 30832
|
| 610 |
1 |
|
|a микроклимат
|
| 610 |
1 |
|
|a микроклиматические условия
|
| 610 |
1 |
|
|a табачные фабрики
|
| 610 |
1 |
|
|a Ленинград
|
| 610 |
1 |
|
|a воздух
|
| 610 |
1 |
|
|a пыль
|
| 610 |
1 |
|
|a нормы
|
| 610 |
1 |
|
|a вредные воздействия
|
| 610 |
1 |
|
|a температурный режим
|
| 610 |
1 |
|
|a естественная вентиляция
|
| 610 |
1 |
|
|a вентиляторы
|
| 610 |
1 |
|
|a кондиционирование
|
| 610 |
1 |
|
|a учебные пособия
|
| 675 |
|
|
|a 697.912(075)
|v 4
|
| 700 |
|
1 |
|a Гладков
|b Н. Г.
|
| 801 |
|
1 |
|a RU
|b 63413507
|c 20160726
|
| 801 |
|
2 |
|a RU
|b 63413507
|c 20191210
|g RCR
|
| 942 |
|
|
|c BK
|